Famous musicians from Ex-Yugoslavia - Statistics

General Stats
  • This quiz has been taken 101 times
  • The average score is 9 of 15
Answer Stats
Picture Answer % Correct
Ceca
87%
Dino Merlin
83%
Jelena Karleusa
76%
Marija Serifovic
76%
Sasa Matic
76%
Lepa Brena
73%
Bijelo Dugme
72%
Saban Saulic
69%
Goran Bregovic
62%
Riblja Corba
59%
Dragana Mirkovic
47%
Mile Kitic
46%
Rambo Amadeus
34%
Indira Radic
14%
Laibach
14%
No matching quizzes found
Score Distribution
Percent of People with Each Score
Percentile by Number Answered
Your Score History
You have not taken this quiz